Statistiche per Quali sono i nomi più usati per le bambine nate nel 2013 in Italia?

Clicka qui per fare il quiz!

Statistiche generali

  • Questo quiz è stato fatto 2.582 volte
  • Il punteggio medio è 10 su 20

Statistiche sulle risposte

BambineNomi% Corretto
7313Giulia
84%
3243Francesca
76%
3890Sara
71%
7987Sofia
71%
3119Anna
70%
3908Chiara
69%
4472Martina
69%
2925Alessia
61%
4536Giorgia
54%
3661Alice
48%
2389Beatrice
45%
4538Emma
43%
3619Gaia
41%
4772Aurora
39%
3365Greta
30%
2711Matilde
30%
2528Vittoria
30%
2941Ginevra
28%
2776Noemi
27%
2854Viola
26%

Distribuzione punteggi

Percentile per numero di risposta

Percentuale di utenti per punteggio

I tuoi punteggi nel tempo

Non hai fatto questo quiz